000 004860000a22001690004500
003 MACL
005 20160225151842.0
008 160225b xxu||||| |||| 00| 0 eng d
040 _aMACL
_cMACL
041 _aHindi
082 _a800
100 _aजयनाथ नलिन
_940418
245 _aहिन्‍दी रचना और अपठित
260 _bसूरा ब्रदर्स
_aलाहौर
650 _aLiteracture
_939932
942 _cHIN
_k800
_2ddc
999 _c25459
_d25459